[Event "English Open 2025"]
[Site "Kenilworth ENG"]
[Date "2025.07.18"]
[Round "1.24"]
[White "Keerthi Kumar, Advait"]
[Black "Murawski, Jan"]
[Result "0-1"]
[BlackTitle "CM"]
[WhiteElo "1873"]
[BlackElo "2191"]
[WhiteFideId "498033"]
[BlackFideId "21009287"]
[EventDate "2025.07.18"]

1. e4 e5 2. Nf3 Nc6 3. Bc4 Bc5 4. O-O Nf6 5. d3 d6 6. h3 h6 7. c3 g5 8. d4 Bb6
9. dxe5 Nxe5 10. Nxe5 dxe5 11. Qxd8+ Kxd8 12. Bxf7 Nxe4 13. Bd5 Nxf2 14. Kh2 c6
15. Bf3 e4 16. Be2 Ke7 17. Nd2 Be6 18. a4 a5 19. b3 Rad8 20. Ba3+ Kd7 21. c4 Kc8
22. Ra2 Bd4 23. Bh5 b6 24. Bg6 e3 25. Nf3 c5 26. Bc1 Rhf8 27. Re2 g4 28. hxg4
Nxg4+ 29. Kg1 Bd7 30. Bh5 Nf6 31. Bg6 Rg8 32. Nxd4 Rxg6 33. Nc2 Nh5 34. Rxe3 Bc6
35. Ne1 Rd1 36. Nf3 Rd4 37. Kf2 Rdg4 38. Ne5 Rf6+ 39. Nf3 Nf4 40. Rg1 Rfg6 41.
Ne1 Ne6 42. Nf3 Nf4 43. Ne1 Nxg2 44. Nxg2 Rxg2+ 45. Rxg2 Rxg2+ 46. Ke1 h5 47.
Re6 Kb7 48. Re7+ Ka6 49. Bf4 Rb2 50. Re3 h4 51. Kd1 Rf2 52. Bb8 Rf8 53. Bc7 Rf7
54. Bh2 Bg2 55. Re6 h3 56. Rh6 Rf1+ 57. Kd2 Rf2+ 58. Kc1 Rf1+ 59. Kb2 Rf7 60.
Bd6 Kb7 61. Rh8 Kc6 62. Bb8 Bf1 63. Rh6+ Kb7 64. Be5 Rf2+ 65. Ka3 Rf7 66. Rh8
Bg2 67. Bh2 Rd7 68. Rb8+ Ka6 69. Rh8 Rd3 70. Rh6 Rd7 71. Bg1 Kb7 72. Bh2 Rf7 73.
Rh8 Re7 74. Bf4 Rd7 75. Rb8+ Ka6 76. Rh8 Rd3 77. Rh6 Kb7 78. Rh7+ Ka6 79. Rh6
Ka7 80. Rh7+ Bb7 81. Rh6 Be4 82. Re6 Bf5 83. Rf6 Bd7 84. Rh6 Kb7 85. Rh8 Rf3 86.
Be5 Re3 87. Bf4 Re7 88. Rb8+ Kc6 89. Rh8 Rf7 90. Be5 Bf5 91. Rh6+ Kb7 92. Bh2
Bb1 93. Bg3 Rf3 94. Bh4 h2 95. Be7 Rf2 96. b4 axb4+ 0-1

[Event "English Open 2025"]
[Site "Kenilworth ENG"]
[Date "2025.07.18"]
[Round "1.25"]
[White "Hanache, Kai"]
[Black "Gunarathne, Senith Thenula"]
[Result "1-0"]
[WhiteElo "2108"]
[BlackElo "1876"]
[WhiteFideId "490105"]
[BlackFideId "343104324"]
[EventDate "2025.07.18"]

1. e4 c5 2. Nf3 d6 3. Bb5+ Nd7 4. a4 a6 5. Be2 Ngf6 6. Nc3 e6 7. a5 Be7 8. d4
cxd4 9. Qxd4 Qc7 10. O-O O-O 11. h3 Rd8 12. Be3 Qc6 13. Rfd1 h6 14. e5 dxe5 15.
Nxe5 Nxe5 16. Qxe5 Bd6 17. Bf4 Bxe5 18. Rxd8+ Kh7 19. Bd3+ g6 20. Bxe5 Ng8 21.
Ne4 b5 22. Rf8 Qd7 23. Rxg8 Kxg8 24. Nf6+ Kf8 25. Nxd7+ Bxd7 26. Be4 Rc8 27. Bf6
Rc4 28. Rd1 Ke8 29. Bb7 Rxc2 30. Bxa6 Rc4 31. Bxb5 Rc7 32. Rxd7 Rxd7 33. a6 e5
34. a7 Kf8 35. a8=Q+ Rd8 36. Qxd8# 1-0

[Event "English Open 2025"]
[Site "Kenilworth ENG"]
[Date "2025.07.18"]
[Round "1.26"]
[White "De Coverly, Roger D"]
[Black "Liu, Tianyi (Jack)"]
[Result "1-0"]
[WhiteElo "1956"]
[BlackElo "2111"]
[WhiteFideId "405213"]
[BlackFideId "8627894"]
[EventDate "2025.07.18"]

1. e4 c5 2. Nf3 e6 3. d3 Nc6 4. g3 d5 5. Qe2 Nf6 6. Bg2 Be7 7. O-O b5 8. e5 Nd7
9. a4 bxa4 10. Rxa4 Nb4 11. c3 Nb6 12. Ra1 Nc6 13. Re1 O-O 14. h4 a5 15. Nbd2 a4
16. Nf1 Na5 17. Bg5 Nb3 18. Bxe7 Qxe7 19. Ra3 c4 20. d4 Bd7 21. N1h2 Rfb8 22. h5
h6 23. Qe3 Bc6 24. g4 Nd7 25. g5 hxg5 26. Nxg5 Nf8 27. Ng4 Nh7 28. Nxh7 Kxh7 29.
h6 g6 30. Nf6+ Kh8 31. Qg5 Na5 32. Ra2 Rb3 33. Bf3 Rab8 34. Qc1 Qb7 35. Ng4 Qe7
36. Bd1 Qh4 37. Kg2 Qe7 38. Bxb3 cxb3 39. Ra1 Nc4 40. Rb1 a3 41. bxa3 Nxa3 42.
Rb2 Nc4 43. Ree2 Nxb2 44. Rxb2 Bb5 45. Nf6 Bc4 46. Qa1 Qf8 47. Qc1 Ra8 48. Nd7
Qe7 49. Nc5 Rb8 50. Kg3 Kh7 51. Qf4 Ra8 52. Qc1 Rb8 53. Qf4 Ra8 54. Qc1 Ra2 55.
Nxb3 Rxb2 56. Qxb2 Qb7 57. Qa3 Bxb3 58. Qf8 f5 59. exf6 Qc7+ 60. Kg2 g5 61. f7
Kg6 62. Qg7+ Kh5 63. f8=Q Qc4 64. Qf3+ 1-0

[Event "English Open 2025"]
[Site "Kenilworth ENG"]
[Date "2025.07.18"]
[Round "1.27"]
[White "Badacsonyi, Frankie"]
[Black "Anjulan, Ashwin"]
[Result "1-0"]
[WhiteTitle "FM"]
[WhiteElo "2170"]
[BlackElo "1880"]
[WhiteFideId "460400"]
[BlackFideId "343411622"]
[EventDate "2025.07.18"]

1. d4 Nf6 2. c4 c5 3. d5 b5 4. cxb5 a6 5. e3 e6 6. Nc3 exd5 7. Nxd5 Bb7 8. Nc3
d5 9. Nf3 axb5 10. Bxb5+ Bc6 11. a4 Be7 12. O-O O-O 13. Bxc6 Nxc6 14. b3 Qd7 15.
Nb5 Ne4 16. Bb2 Bf6 17. Bxf6 Nxf6 18. Qc2 Ne4 19. Rfd1 Rfd8 20. Rac1 Rac8 21.
Qb2 Qf5 22. Nc3 Nb4 23. Nxe4 Qxe4 24. Qb1 Qxb1 25. Rxb1 c4 26. bxc4 dxc4 27.
Rxd8+ Rxd8 28. Kf1 c3 29. Nd4 c2 30. Rc1 Ra8 31. Ke2 Rxa4 32. Nxc2 Nxc2 33. Rxc2
g6 34. Kf3 Kg7 35. Rd2 h5 36. Rd4 Ra2 37. h4 Ra5 38. g3 Ra2 39. Rd3 Ra4 40. e4
Kf6 41. Ke3 Rb4 42. f3 Ra4 43. Rb3 Ra5 44. Rb4 Ke5 45. Rd4 Ra3+ 46. Rd3 Ra5 47.
Rb3 Rc5 48. Ra3 Rb5 49. Kd3 Rb1 50. Ra5+ Ke6 51. Ra6+ Ke7 52. Ke3 Rb5 53. Kf4
Kf8 54. Rd6 Kg7 55. Rd3 Kf6 56. Rd1 Ra5 57. Rh1 Rb5 58. Rd1 Ra5 59. Rd5 Ra1 60.
Rb5 Rf1 61. Ra5 Rb1 62. Ra7 Rb5 63. g4 hxg4 64. fxg4 Rb1 65. e5+ Ke6 66. Ra6+
Ke7 67. Ra3 Rh1 68. Kg5 Ke6 69. Ra6+ Kxe5 70. Rf6 Rxh4 71. Rxf7 Ke6 72. Ra7 Rh1
73. Kxg6 Rg1 74. g5 Ke5 75. Rf7 Ke6 76. Rf2 Rh1 77. Kg7 Rh3 78. g6 Rh4 79. Kg8
Ke7 80. g7 Rh3 81. Re2+ Kd7 82. Re4 Rh2 83. Kf7 Rf2+ 84. Kg6 Rg2+ 85. Kf6 Rg3
86. Re5 1-0

[Event "English Open 2025"]
[Site "Kenilworth ENG"]
[Date "2025.07.18"]
[Round "1.28"]
[White "Hertog, Alexander"]
[Black "Merriman, James"]
[Result "1/2-1/2"]
[WhiteElo "1950"]
[BlackElo "2048"]
[WhiteFideId "488453"]
[BlackFideId "452270"]
[EventDate "2025.07.18"]

1. d4 Nf6 2. c4 e6 3. g3 c5 4. d5 exd5 5. cxd5 d6 6. Nc3 g6 7. Bg2 Bg7 8. Nf3
O-O 9. O-O Re8 10. Nd2 a6 11. a4 Nbd7 12. e4 Rb8 13. a5 Ne5 14. Qc2 Nh5 15. h3
f5 16. exf5 Bxf5 17. Nde4 Nf6 18. Bg5 Nf7 19. Bxf6 Bxf6 20. Nxf6+ Qxf6 21. Qa4
Ne5 22. Ne4 Bxe4 23. Bxe4 Nf3+ 24. Bxf3 Qxf3 25. Qd7 Qf6 1/2-1/2

[Event "English Open 2025"]
[Site "Kenilworth ENG"]
[Date "2025.07.18"]
[Round "1.29"]
[White "Verma, Shlok"]
[Black "Rughani, Mahin"]
[Result "1/2-1/2"]
[WhiteElo "2169"]
[BlackElo "1854"]
[WhiteFideId "441228"]
[BlackFideId "343417060"]
[EventDate "2025.07.18"]

1. d4 Nf6 2. c4 e6 3. Nc3 d5 4. cxd5 exd5 5. Bg5 Be7 6. e3 O-O 7. Bd3 c6 8. Nge2
Re8 9. O-O h6 10. Bh4 Ne4 11. Bxe7 Qxe7 12. Nxe4 dxe4 13. Bc4 Nd7 14. Nf4 Nf6
15. Qd2 Qd6 16. h3 g5 17. Ne2 Be6 18. Rac1 Rad8 19. b4 Nd7 20. Ng3 Bxc4 21. Rxc4
Qe6 22. Rc2 Nb6 23. Qe2 a6 24. Ra1 f5 25. Nf1 Nd5 26. Rb1 f4 27. Nh2 f3 28. gxf3
Qxh3 29. Qf1 Qf5 30. fxe4 Rxe4 31. Rcc1 Rf8 32. a4 Qg6 33. Qg2 g4 34. Nf1 Re6
35. Rb2 Ref6 36. b5 axb5 37. axb5 h5 38. bxc6 bxc6 39. Rbc2 Nb4 40. Rd2 Nd3 41.
Rxd3 Qxd3 42. Rxc6 Qf5 43. Rxf6 Qxf6 44. d5 Qe5 1/2-1/2

[Event "English Open 2025"]
[Site "Kenilworth ENG"]
[Date "2025.07.18"]
[Round "1.30"]
[White "Clark, Robert G"]
[Black "Khoury, Theo"]
[Result "0-1"]
[BlackTitle "CM"]
[WhiteElo "2037"]
[BlackElo "2229"]
[WhiteFideId "421162"]
[BlackFideId "480703"]
[EventDate "2025.07.18"]

1. g3 d5 2. Bg2 e5 3. c4 d4 4. d3 c5 5. Nf3 Nc6 6. O-O Bd6 7. e3 Nge7 8. exd4
cxd4 9. Na3 O-O 10. Nc2 Ng6 11. a3 a5 12. Rb1 a4 13. Bd2 h6 14. Bb4 f5 15. Nd2
Re8 16. Qh5 Kh7 17. Rbe1 Bc7 18. Bh3 Qg5 19. Qxg5 hxg5 20. Nf3 g4 21. Ng5+ Kh6
22. Bd2 f4 23. gxf4 gxh3 24. fxe5 Kh5 25. f4 Bf5 26. Ne4 Nh4 27. Kf2 Re6 28. Rg1
Ng2 29. Ng3+ Kg4 30. Nxf5 Kxf5 31. Re4 Bd8 32. Kf3 Rg6 33. Rd1 Nh4+ 34. Kf2 Rg2+
35. Kf1 Nf3 0-1

[Event "English Open 2025"]
[Site "Kenilworth ENG"]
[Date "2025.07.18"]
[Round "1.31"]
[White "Vaidyanathan, Adithya"]
[Black "Alldritt, Nigel R E"]
[Result "1-0"]
[WhiteElo "2094"]
[BlackElo "1918"]
[WhiteFideId "495450"]
[BlackFideId "404543"]
[EventDate "2025.07.18"]

1. d4 Nf6 2. c4 g6 3. Nc3 d5 4. cxd5 Nxd5 5. e4 Nxc3 6. bxc3 Bg7 7. Bc4 c5 8.
Ne2 Nc6 9. Be3 O-O 10. O-O Qc7 11. Rc1 b6 12. h4 Na5 13. Bd3 f5 14. Nf4 c4 15.
Bc2 e6 16. Qf3 Qe7 17. exf5 Bb7 18. f6 Qxf6 19. Qg4 e5 20. dxe5 Qxe5 21. Bxg6
hxg6 22. Nxg6 Qe4 23. Qxe4 Bxe4 24. Nxf8 Bxf8 25. f4 Bd3 26. Rf3 Ba3 27. Re1 Re8
28. g4 b5 29. Kf2 Nc6 30. h5 Bb2 31. Bd2 Rxe1 32. Kxe1 a5 33. Re3 Kf7 34. f5 b4
35. Re6 Nd8 36. Rd6 Ke7 37. Rd5 Bxc3 38. Bxc3 bxc3 39. Rxd8 1-0

[Event "English Open 2025"]
[Site "Kenilworth ENG"]
[Date "2025.07.18"]
[Round "1.32"]
[White "Bolt, Graham"]
[Black "Verma, Aditya"]
[Result "0-1"]
[WhiteElo "1942"]
[BlackElo "2092"]
[WhiteFideId "410438"]
[BlackFideId "426202"]
[EventDate "2025.07.18"]

1. Nf3 d5 2. g3 Bg4 3. Bg2 e6 4. O-O Nf6 5. h3 Bh5 6. d3 c6 7. c4 Nbd7 8. Nc3
Be7 9. Re1 O-O 10. a3 a5 11. b3 Re8 12. Bb2 Bf8 13. Qc2 Rc8 14. e4 dxe4 15. dxe4
Nc5 16. b4 axb4 17. axb4 Nd3 18. Red1 Nxb4 19. Qb3 Qc7 20. g4 Bg6 21. Nh4 Na6
22. Nxg6 hxg6 23. Na4 Nd7 24. Rac1 Ndc5 25. Nxc5 Nxc5 26. Qc2 e5 27. Ba3 Ne6 28.
Bb2 Bc5 29. Rb1 Rcd8 30. Qb3 Rxd1+ 31. Rxd1 Bd4 32. Ba3 Ra8 33. Rb1 Qa5 34. Bb4
Qa2 35. Qxa2 Rxa2 36. Be1 Nc5 37. Kf1 Rc2 38. Bf3 Rxc4 39. Be2 Rc2 40. f3 b5 41.
h4 Ra2 42. Bb4 Ne6 43. Rd1 c5 44. Bd2 c4 45. Ke1 c3 46. Bg5 c2 47. Rc1 Nxg5 48.
hxg5 Be3 0-1

[Event "English Open 2025"]
[Site "Kenilworth ENG"]
[Date "2025.07.18"]
[Round "1.33"]
[White "Zhao, George"]
[Black "Lapidus, Alexey M."]
[Result "1-0"]
[WhiteTitle "CM"]
[WhiteElo "2124"]
[BlackElo "1867"]
[WhiteFideId "494607"]
[BlackFideId "24276111"]
[EventDate "2025.07.18"]

1. d4 d5 2. c4 c6 3. Nf3 Nf6 4. e3 a6 5. a4 Bf5 6. Nc3 e6 7. Qb3 Qc8 8. Nh4 Be4
9. f3 Bg6 10. Bd2 c5 11. Nxg6 hxg6 12. cxd5 cxd4 13. exd4 exd5 14. O-O-O Bd6 15.
Re1+ Kf8 16. g4 Nc6 17. Be3 Nb4 18. Kb1 Qd7 19. h4 Re8 20. Ka1 g5 21. h5 Rh6 22.
Bh3 Nd3 23. Re2 Rxe3 24. Rxe3 Nf2 25. Rhe1 Nxh3 26. Nxd5 Nxd5 27. Qxd5 Kg8 28.
Kb1 Nf4 29. Re8+ Kh7 30. Qxg5 f6 31. Qa5 Nd3 32. Rd8 Qc7 33. Qf5+ g6 34. hxg6+
Kg7 35. Rd7+ 1-0

[Event "English Open 2025"]
[Site "Kenilworth ENG"]
[Date "2025.07.18"]
[Round "1.34"]
[White "Watson, Jacob"]
[Black "Pereslavtsev, Alexandr"]
[Result "1-0"]
[WhiteElo "1918"]
[BlackElo "2040"]
[WhiteFideId "445037"]
[BlackFideId "343401449"]
[EventDate "2025.07.18"]

1. e4 c5 2. Nf3 e6 3. c4 a6 4. Nc3 Qc7 5. d4 cxd4 6. Nxd4 Nf6 7. Bd3 Nc6 8. Nxc6
dxc6 9. O-O Bc5 10. Qe2 e5 11. Be3 Bxe3 12. Qxe3 O-O 13. c5 Be6 14. Be2 Qa5 15.
a3 Rfd8 16. b4 Qc7 17. Rfd1 a5 18. b5 Bb3 19. Rdb1 a4 20. Bd1 Bc4 21. bxc6 Qxc6
22. Bc2 Rd4 23. Rb4 Qxc5 24. Nxa4 Qe7 25. Rab1 Rad8 26. h3 b5 27. Nc3 Qc5 28. a4
bxa4 29. Nxa4 Qc6 30. Rb6 Qc7 31. Rb7 Qa5 32. Rb8 h6 33. Qc3 Qc7 34. Rxd8+ Qxd8
35. Nb6 Bd3 36. Bxd3 Rxd3 37. Qxe5 Rd1+ 38. Rxd1 Qxd1+ 39. Kh2 Qb1 40. Nd5 Nxd5
41. exd5 Kf8 42. Qc7 Qe4 43. Qd8+ Qe8 44. Qxe8+ Kxe8 45. Kg3 Kd7 46. Kf4 Kd6 47.
Ke4 g6 48. Kd4 f5 49. f4 g5 50. g3 1-0

[Event "English Open 2025"]
[Site "Kenilworth ENG"]
[Date "2025.07.18"]
[Round "1.35"]
[White "Saunders, Aron"]
[Black "Shivakumar, Akshath"]
[Result "1-0"]
[WhiteElo "2135"]
[BlackElo "1822"]
[WhiteFideId "469343"]
[BlackFideId "499765"]
[EventDate "2025.07.18"]

1. e4 c5 2. Nf3 Nc6 3. Bb5 g6 4. O-O Bg7 5. c3 e5 6. d4 exd4 7. cxd4 Nxd4 8. Nc3
Ne7 9. Bf4 a6 10. Bc4 d6 11. Nxd4 cxd4 12. Nd5 Nxd5 13. Bxd5 h5 14. Qa4+ Bd7 15.
Qb3 Qf6 16. Qxb7 Rd8 17. Bd2 O-O 18. Ba5 Bb5 19. Bxd8 Qxd8 20. Rfc1 d3 21. Rc7
Qf6 22. Rd1 Qxb2 23. Rxf7 Rxf7 24. Qxf7+ Kh7 25. Bb3 d2 26. Qf3 Qc3 27. Qxc3
Bxc3 28. Bc2 Kg7 29. g3 Kf6 30. f4 Be2 31. Rb1 Bd4+ 32. Kg2 a5 33. Rh1 Bc4 34.
a4 Be2 35. Bd1 Bd3 36. Kf3 d5 37. exd5 Bc4 38. Ke4 Bc5 39. h3 Ba2 40. Rh2 Bb1+
41. Kf3 Bb4 42. Ke3 Ke7 43. Rxd2 Bxd2+ 44. Kxd2 Bf5 45. Bc2 Kd6 46. Bxf5 gxf5
47. Ke3 Kxd5 48. Kf3 Ke6 49. g4 hxg4+ 50. hxg4 fxg4+ 51. Kxg4 Kf6 52. Kf3 Kf5
53. Ke3 Kf6 54. Kd4 Kf5 55. Kc5 Kxf4 56. Kb5 Ke5 57. Kxa5 Kd6 58. Kb6 Kd7 59.
Kb7 Kd6 60. a5 Kd7 61. a6 Kd6 62. a7 Kd7 63. a8=Q Kd6 64. Qa5 Ke6 65. Qg5 Kd6
66. Qf5 1-0

[Event "English Open 2025"]
[Site "Kenilworth ENG"]
[Date "2025.07.18"]
[Round "1.36"]
[White "Rastogi, Nayan Keats"]
[Black "Cont, Arya"]
[Result "1/2-1/2"]
[WhiteElo "1891"]
[BlackElo "2090"]
[WhiteFideId "343407579"]
[BlackFideId "26100363"]
[EventDate "2025.07.18"]

1. e4 e5 2. Nf3 Nc6 3. Bb5 a6 4. Ba4 Nf6 5. O-O Nxe4 6. d4 Be7 7. Re1 b5 8. Rxe4
d5 9. Nxe5 Nxe5 10. Rxe5 bxa4 11. Qe2 f6 12. Re3 c5 13. c3 Kf7 14. b3 Rb8 15.
bxa4 c4 16. Qf3 Be6 17. Re1 g6 18. Bf4 Bd6 19. Qg3 Bxf4 20. Qxf4 g5 21. Qf3 Qd7
22. Qh5+ Kg7 23. Qd1 Bg4 24. Qc1 Bf5 25. Qa3 Rhe8 26. Nd2 Re6 27. Nf1 Rbe8 28.
Re3 Rxe3 29. Nxe3 Be4 30. Re1 Bd3 31. Qc1 Bg6 32. Nf1 Rb8 33. Qa3 Rb7 34. Re2
Kf7 35. Rb2 f5 1/2-1/2

[Event "English Open 2025"]
[Site "Kenilworth ENG"]
[Date "2025.07.18"]
[Round "1.37"]
[White "Salmons, Calum"]
[Black "Kendall, Arthur"]
[Result "1/2-1/2"]
[WhiteElo "2085"]
[BlackElo "1883"]
[WhiteFideId "437280"]
[BlackFideId "343410960"]
[EventDate "2025.07.18"]

1. d4 Nf6 2. Bf4 g6 3. Nc3 d5 4. e3 Bg7 5. Nf3 O-O 6. Be2 c6 7. h4 Nbd7 8. Ne5
h5 9. O-O Nxe5 10. Bxe5 Nd7 11. Bxg7 Kxg7 12. e4 e6 13. g3 dxe4 14. Nxe4 Nf6 15.
Qd3 Qe7 16. Bf3 e5 17. Rfe1 Bf5 18. Qc3 Nxe4 19. Bxe4 Bxe4 20. Rxe4 exd4 21.
Qxd4+ Qf6 22. Rf4 Qxd4 23. Rxd4 Rad8 24. Rad1 Rxd4 25. Rxd4 f6 26. Kf1 Rf7 27.
Ke2 Re7+ 28. Kd3 Kf7 29. a4 Re1 30. Rd7+ Re7 31. Rd4 Re1 32. Rd7+ Re7 33. Rxe7+
Kxe7 34. b4 b6 35. c3 Kd6 36. Kd4 c5+ 37. Ke4 a6 38. b5 axb5 39. axb5 Ke6 40. c4
g5 41. f3 f5+ 42. Ke3 f4+ 43. Ke2 fxg3 44. hxg5 h4 45. f4 h3 46. Kf3 h2 47. Kg2
Kf5 48. Kh1 Kg6 49. Kg2 Kf5 1/2-1/2

[Event "English Open 2025"]
[Site "Kenilworth ENG"]
[Date "2025.07.18"]
[Round "1.38"]
[White "Vaidyanathan, Sathya"]
[Black "Elgar, Tim"]
[Result "0-1"]
[WhiteElo "1878"]
[BlackElo "2093"]
[WhiteFideId "490539"]
[BlackFideId "343413285"]
[EventDate "2025.07.18"]

1. e4 c5 2. Nc3 Nc6 3. Bb5 Nd4 4. Nf3 a6 5. Bd3 g6 6. Nxd4 cxd4 7. Ne2 d5 8. c3
dxc3 9. dxc3 dxe4 10. Qa4+ Bd7 11. Qd4 exd3 12. Qxh8 dxe2 13. Qxg8 Bg4 14. Bd2
Qd5 15. f3 O-O-O 16. Kf2 Qxd2 17. Rhe1 Be6 18. Qxh7 Bh6 19. Rxe2 Be3+ 20. Kf1
Bc4 21. Re1 Qxe2+ 0-1

[Event "English Open 2025"]
[Site "Kenilworth ENG"]
[Date "2025.07.18"]
[Round "1.39"]
[White "Larkin, Benjamin"]
[Black "Collins, Jonathan"]
[Result "1-0"]
[WhiteElo "2029"]
[BlackElo "1869"]
[WhiteFideId "479977"]
[BlackFideId "438456"]
[EventDate "2025.07.18"]

1. e4 Nc6 2. d4 e5 3. dxe5 Nxe5 4. Nc3 d6 5. f4 Nc6 6. Nf3 Bg4 7. Be3 Be7 8. Bc4
Nf6 9. Qe2 a6 10. O-O-O Qc8 11. h3 Bxf3 12. Qxf3 O-O 13. g4 b5 14. e5 dxe5 15.
Qxc6 exf4 16. g5 Nh5 17. Be2 Ng3 18. Rhg1 Nxe2+ 19. Nxe2 fxe3 20. Nf4 Bd6 21.
Nh5 Qe6 22. Qf3 Qxa2 23. c3 e2 24. Qxe2 Kh8 25. Rg4 Rae8 26. Qd3 Qe6 27. Kb1 Qe2
28. Qd5 Qe5 29. Qd3 Qe3 30. Qf1 Re4 31. Qf5 Rxg4 32. hxg4 Re8 33. Qxf7 Qe4+ 34.
Kc1 Qe3+ 35. Kb1 Qe4+ 36. Kc1 Qg6 37. Qd5 Re2 38. Qa8+ Qe8 39. Qxa6 Qe3+ 40. Kb1
Qe4+ 41. Ka1 Qa4+ 42. Qxa4 bxa4 43. Rd4 a3 44. bxa3 Bxa3 45. Rd8+ 1-0

[Event "English Open 2025"]
[Site "Kenilworth ENG"]
[Date "2025.07.18"]
[Round "1.40"]
[White "Ellson, Louie"]
[Black "Manley, Jon P"]
[Result "0-1"]
[WhiteElo "1854"]
[BlackElo "2096"]
[WhiteFideId "343442056"]
[BlackFideId "403296"]
[EventDate "2025.07.18"]

1. d4 d5 2. c4 dxc4 3. Nf3 Nf6 4. e3 e6 5. Bxc4 a6 6. O-O b5 7. Bb3 Bb7 8. Qe2
c5 9. Rd1 Qc7 10. Nc3 Nc6 11. dxc5 Bxc5 12. e4 Ng4 13. Be3 Nxe3 14. fxe3 O-O 15.
Rac1 Qb6 16. Re1 Bd6 17. Rcd1 Rad8 18. Bc2 Ne5 19. Kh1 Qc7 20. Rc1 Qe7 21. Red1
Rc8 22. Nb1 Bb8 23. Nbd2 Rfd8 24. Bb1 Qf6 25. Rxc8 Rxc8 26. Nb3 Qh6 27. Nxe5
Bxe5 28. h3 Qg6 29. Nd4 Bxe4 30. Bxe4 Qxe4 31. Nf3 Bb8 32. Qd2 g6 33. Rc1 Rf8
34. Qd4 Qb7 35. e4 Ba7 36. Qe5 Rc8 37. Rd1 Qc6 38. Ng5 Be3 39. h4 Qc7 40. Qf6
Bxg5 41. Qxg5 Qc2 42. Rd8+ Rxd8 43. Qxd8+ Kg7 44. Qd4+ f6 45. Qd7+ Kh6 46. Qxe6
Qxb2 47. g3 a5 48. Qd5 Qe2 49. Kg1 a4 50. Qd4 Qf3 51. Qd2+ Kh5 52. Qd5+ Kg4 53.
Qxb5 Qxg3+ 54. Kf1 Qf3+ 55. Kg1 Qxe4 56. Qd7+ Kg3 57. Qc7+ Qf4 58. Qc2 Kxh4 59.
Kg2 f5 60. Qb2 g5 61. Kg1 h5 62. Qc2 g4 63. Qb2 g3 64. a3 Qf2+ 65. Qxf2 gxf2+ 0-1

[Event "English Open 2025"]
[Site "Kenilworth ENG"]
[Date "2025.07.18"]
[Round "2.1"]
[White "Dishman, Stephen"]
[Black "Vitiugov, Nikita"]
[Result "0-1"]
[WhiteTitle "FM"]
[BlackTitle "GM"]
[WhiteElo "2274"]
[BlackElo "2671"]
[WhiteFideId "403024"]
[BlackFideId "4152956"]
[EventDate "2025.07.18"]

1. Nf3 d5 2. d4 Nf6 3. c3 Nbd7 4. Bf4 Nh5 5. Be5 f6 6. Bg3 g6 7. Qb3 Nb6 8. Nbd2
Bg7 9. e4 Be6 10. exd5 Bxd5 11. Qc2 O-O 12. Bd3 Qc8 13. c4 Bf7 14. Ne4 c5 15.
Nxc5 e5 16. O-O Nxg3 17. hxg3 f5 18. Ng5 e4 19. Be2 Bxd4 20. Nb3 Bf6 21. Nxf7
Rxf7 22. c5 Kg7 23. Rad1 Nd7 24. Rd5 Re7 25. Rfd1 Be5 26. Re1 Qc7 27. Bb5 Nf6
28. Rd2 Rc8 29. Rdd1 h5 30. Qe2 Rh8 31. Rc1 h4 32. gxh4 Rxh4 33. Rc2 Bd4 0-1

[Event "English Open 2025"]
[Site "Kenilworth ENG"]
[Date "2025.07.18"]
[Round "2.2"]
[White "Adams, Michael"]
[Black "Hanache, Kai"]
[Result "1-0"]
[WhiteTitle "GM"]
[WhiteElo "2654"]
[BlackElo "2108"]
[WhiteFideId "400041"]
[BlackFideId "490105"]
[EventDate "2025.07.18"]

1. e4 c5 2. Nf3 d6 3. d4 cxd4 4. Qxd4 Nf6 5. Be2 Nc6 6. Qe3 g6 7. O-O Bg7 8. Rd1
O-O 9. Nc3 Qc7 10. h3 a6 11. a4 b6 12. Qf4 Ne5 13. Nxe5 dxe5 14. Qh4 Bb7 15. Be3
Bc6 16. Rd2 Qb7 17. Bf3 b5 18. axb5 axb5 19. Rad1 b4 20. Nd5 Bxd5 21. exd5 Rac8
22. b3 e4 23. Bxe4 Nxe4 24. Qxe4 e6 25. Qf4 exd5 26. Rxd5 Qe7 27. Rd7 Qe6 28.
Qxb4 Rxc2 29. Qb7 Rcc8 30. b4 Rb8 31. Qd5 Qe5 32. Qxe5 Bxe5 33. R1d5 Bc3 34. b5
Rfe8 35. g3 Re5 36. Rxe5 Bxe5 37. b6 Kf8 38. Bc5+ Kg7 39. f4 Rc8 40. fxe5 Rxc5
41. b7 Rb5 42. e6 Kf6 43. e7 1-0

[Event "English Open 2025"]
[Site "Kenilworth ENG"]
[Date "2025.07.18"]
[Round "2.3"]
[White "Murawski, Jan"]
[Black "Maroroa Jones, Gawain C B"]
[Result "0-1"]
[WhiteTitle "CM"]
[BlackTitle "GM"]
[WhiteElo "2191"]
[BlackElo "2653"]
[WhiteFideId "21009287"]
[BlackFideId "409561"]
[EventDate "2025.07.18"]

1. d4 Nf6 2. c4 d6 3. Nc3 e5 4. dxe5 dxe5 5. Qxd8+ Kxd8 6. g3 Nc6 7. Bg5 Be6 8.
O-O-O+ Kc8 9. Bh3 Ng4 10. Rf1 h6 11. Bd2 f5 12. f3 Nf6 13. e4 Bxc4 14. Bxf5+ Kb8
15. Rd1 Bc5 16. Na4 Bxg1 17. Rhxg1 Bxa2 18. Nc5 Nd4 19. Rgf1 Bc4 20. Rf2 b6 21.
Nd7+ Nxd7 22. Bxd7 Rd8 23. Ba4 b5 24. Bc2 Be2 25. Re1 Bxf3 26. Bc3 Bh5 27. Bxd4
exd4 28. Rf5 Be8 29. e5 d3 30. Rd1 Bg6 31. Rf3 Re8 32. Bxd3 Bh5 33. Be4 Bxf3 34.
Bxf3 c6 35. Rd7 Re6 36. Rxg7 a5 37. h4 Ra7 38. Rg8+ Kc7 39. h5 Kb6 40. Rg6 Rae7 0-1

[Event "English Open 2025"]
[Site "Kenilworth ENG"]
[Date "2025.07.18"]
[Round "2.4"]
[White "Royal, Shreyas"]
[Black "Badacsonyi, Frankie"]
[Result "1-0"]
[WhiteTitle "GM"]
[BlackTitle "FM"]
[WhiteElo "2484"]
[BlackElo "2170"]
[WhiteFideId "448869"]
[BlackFideId "460400"]
[EventDate "2025.07.18"]

1. Nf3 Nf6 2. c4 e6 3. Nc3 d5 4. e3 dxc4 5. Bxc4 a6 6. d4 b5 7. Bb3 Bb7 8. O-O
c5 9. Qe2 Be7 10. Rd1 O-O 11. e4 b4 12. dxc5 Qa5 13. Na4 Nxe4 14. Ne5 Nxc5 15.
Nxc5 Bxc5 16. Bf4 Bd5 17. Rac1 Bd6 18. Bxd5 exd5 19. Nc4 dxc4 20. Bxd6 Rc8 21.
Rxc4 Nc6 22. Qe4 Na7 23. Rxc8+ Rxc8 24. Qb7 Qd8 25. Qxa6 Qd7 26. Re1 Nc6 27. h3
h6 28. Rc1 b3 29. axb3 Na7 30. Rxc8+ Nxc8 31. Bg3 Ne7 32. Qd6 Qb7 33. Qc7 Qe4
34. Qe5 Qb7 35. Qb8+ Qxb8 36. Bxb8 Nc6 37. Bd6 f5 38. Kf1 Kf7 39. Ke1 g6 40. Kd2
Ke6 41. Bf8 h5 42. h4 Kd5 43. Bg7 Na7 44. Kc3 Nc6 45. Bf6 Kc5 46. Bg5 Kd5 47.
Be3 Ne5 48. Kb4 Nd3+ 49. Kc3 Ne5 50. b4 Nc4 51. b5 Nd6 52. Kb4 Nb7 53. b6 Kc6
54. Kc4 1-0